Nuts and seeds - Statistics

General Stats
  • This quiz has been taken 109 times
    90 since last reset
  • The average score is 11 of 16
Answer Stats
Picture Answer % Correct
Almond
96%
Cashew
92%
Peanut
92%
Walnut
89%
Sunflower
88%
Pistachio
86%
Pumpkin
81%
Pecan
74%
Hazelnut
72%
Chestnut
71%
Brazil nut
64%
Pine nut
42%
Sesame seed
42%
Macadamia
35%
Flax seed
29%
Poppy seeds
22%
No matching quizzes found
Score Distribution
Percent of People with Each Score
Percentile by Number Answered
Your Score History
You have not taken this quiz since the last reset